| 000 | 00438pab a2200169 454500 | ||
|---|---|---|---|
| 008 | 180718b2010 xxu||||| |||| 00| 0 eng d | ||
| 100 | _aSharan, Shree Shankar | ||
| 245 | _aPartyless democracy: remembering Mahatma Gandhi and JP | ||
| 260 | _c2010 | ||
| 300 | _ap.9-11. | ||
| 362 | _a2 Oct | ||
| 650 | _aIndia - Politics and government | ||
| 650 | _aPolitics and government | ||
| 773 | _aMainstream | ||
| 908 | _aN | ||
| 909 | _a88052 | ||
| 999 |
_c88052 _d88052 |
||